Kurjeznaja formula Chardi-Littlvuda i nekotoryje slučajnyje processy, poroždennyje formuloj Rimana-Zigelja

Bibliographic Details
Main Authors: Mozer, Ján (Author), Moser, Ján (Author)
Format: Article
Language:Russian
PhysicalDescription:Res. slov., angl., lit. 17 zázn. v angl., ruš.
Subjects:

MARC

LEADER 00000nab a2200000 a 4500
001 vtls000436391
003 SK-MaSNL
005 20260318124822.0
008 230223c1988 xo 0 rus
015 |a SNBRA19rr/mm-uuuuu 
035 |a CL0436519 
035 |a (urnnbn)urn:nbn:sk:snk:ar-0068me 
035 |a (uuid)82c55bf4-11e7-4335-8689-b8d53b9448c9 
035 |a urn:nbn:sk:snk-ab84cr 
040 |a SNKBUCL  |b slo  |c SNKBUCL  |e AACR2 
041 0 |a rus 
044 |a xo  |c SK 
080 |a 519.218.5:519.224  |2 1981 
080 |a 519.224  |2 1981 
100 1 |a Mozer, Ján  |4 aut  |9 279101 
245 1 0 |a Kurjeznaja formula Chardi-Littlvuda i nekotoryje slučajnyje processy, poroždennyje formuloj Rimana-Zigelja  |c Ján Mozer ; Ján Moser 
300 |b Res. slov., angl., lit. 17 zázn. v angl., ruš. 
650 0 7 |a stochastické procesy  |2 snkbucl  |9 69219 
650 0 7 |a postupnosť náhodná (matematika)  |2 snkbucl  |9 1294225 
650 0 7 |a ergodičnosť asymptotická  |2 snkbucl  |9 1294226 
655 7 |a články zo zborníkov  |2 snkbucl  |9 166140 
700 1 |a Moser, Ján  |4 aut  |9 1007431 
773 0 |t Acta mathematica Universitatis Comenianae 54-55  |d Bratislava : Alfa, 1988  |g S. 21-52 
850 |a Slovenská národná knižnica v Martine  |a MTA001 
852 |a SNK  |b KIS3GCP 
958 |a OND 
958 |a RK 
958 |a NB 
958 |a EUIPO 
958 |a article9 
992 |a RZB 
999 |c 2575370  |d 2577300